Animals That Start With D - Statistics

General Stats
  • This quiz has been taken 101 times
  • The average score is 14 of 18
Answer Stats
Description Animal % Correct
Common woodland animal with antlers Deer
100%
Spotted white-furred dog; in the movie "The 101 ____________s Dalmatian
93%
Playful marine mammal that always looks happy Dolphin
93%
Often confused with a pigeon; a symbol of beauty, hope, and peace Dove
93%
Animal that goes "quack-quack," even though they sound a little different Duck
93%
Female of ^ Doe
91%
Commonly used for pulling carriages; mules come from it Donkey
91%
Extinct species of large, dominant reptiles; species include Triceratops, Brontosaurus, etc. Dinosaur
90%
German Shepherd, Labrador, Newfoundland, etc. Dog
90%
Extinct flightless bird from Mauritius Dodo bird
88%
Light brown wild canine that is a cornerstone of Australian wildlife Dingo
81%
Common flying insect with long, thin, transparent wings Dragonfly
81%
Essentially a wiener dog Dachshund
78%
Insects that rolls up animal droppings into large balls Dung beetle
74%
Camel with only one hump Dromedary camel
59%
Very small species of African antelope Dik-dik
51%
Close relative of manatees Dugong
47%
Brown-colored canine from Southeast Asia Dhole
24%
No matching quizzes found
Score Distribution
Percent of People with Each Score
Percentile by Number Answered
Your Score History
You have not taken this quiz